| 000 | 00657nam a2200181 a 4500 | ||
|---|---|---|---|
| 005 | 20210223120539.0 | ||
| 008 | 991125s1952 mx 000 0 spa u | ||
| 035 | _aUPN01000003218 | ||
| 049 | _aCG | ||
| 050 | 4 |
_aML3570 T2 _bS3.2 |
|
| 100 | 1 |
_aSantamaría, Francisco Javier, _d1886-1963 _929952 |
|
| 245 | 1 | 0 |
_aAntología folklórica y musical de Tabasco : _barreglo y estudio musical de Geronimo Baqueiro Foster / _cFrancisco J. Santamaría. |
| 260 |
_aVillahermosa : _bGobierno del Estado de Tabasco, _c1952. |
||
| 300 | _axlviii, 462 p. | ||
| 440 | 0 |
_aPublicaciones del Gobierno del Estado ; _v65 |
|
| 650 | 4 |
_aMUSICA FOLKLORICA - _zTABASCO |
|
| 905 | _aLibro | ||
| 999 |
_c3218 _d3218 |
||